Cây Sapô : Kỹ thuật canh tác cây ăn trái = Kỹ thuật canh tác cây ăn trái : Cây Sapô

Nội dung sách giới thiệu về nguồn gốc, đặc điểm thực vật học, yêu cầu điều kiện ngoại cảnh, giống và kỹ thuật nhân giống, kỹ thuật trồng trọt, chăm sóc, phòng trừ sâu bệnh,... của cây Sapô....

詳細記述

保存先:
書誌詳細
第一著者: Nguyễn, Danh Vàn
フォーマット: 図書
言語:Undetermined
出版事項: Thành phố Hồ Chí Minh Tổng hợp Thành phố Hồ Chí Minh 2008
主題:
タグ: タグ追加
タグなし, このレコードへの初めてのタグを付けませんか!
Thư viện lưu trữ: Trung tâm Học liệu Trường Đại học Cần Thơ
LEADER 00995nam a2200217Ia 4500
001 CTU_154840
008 210402s9999 xx 000 0 und d
020 |c 24500 
082 |a 634.43 
082 |b V105/Q.6 
100 |a Nguyễn, Danh Vàn 
245 0 |a Cây Sapô : 
245 0 |b Kỹ thuật canh tác cây ăn trái = Kỹ thuật canh tác cây ăn trái : Cây Sapô 
245 0 |c Nguyễn Danh Vàn 
260 |a Thành phố Hồ Chí Minh 
260 |b Tổng hợp Thành phố Hồ Chí Minh 
260 |c 2008 
520 |a Nội dung sách giới thiệu về nguồn gốc, đặc điểm thực vật học, yêu cầu điều kiện ngoại cảnh, giống và kỹ thuật nhân giống, kỹ thuật trồng trọt, chăm sóc, phòng trừ sâu bệnh,... của cây Sapô. 
650 |a Sapotaceae 
904 |i Giang 
980 |a Trung tâm Học liệu Trường Đại học Cần Thơ